|
|
|
|
| LEADER |
00000nab a2200000 a 4500 |
| 001 |
vtls010570721 |
| 003 |
SK-MaSNL |
| 005 |
20260304021948.0 |
| 008 |
140625u2006 xo r|p | 000 ||slo |
| 015 |
|
|
|a LMSMOPAJ
|2 lmsmopaj
|
| 038 |
|
|
|a LMSMOPAJ
|
| 040 |
|
|
|a LMSMOPAJ
|b slo
|c LMSMOPAJ
|e AACR2
|
| 041 |
1 |
|
|a slo
|
| 044 |
|
|
|a xo
|c SK
|
| 080 |
|
|
|a 551.44 (437.6)
|2 2001
|
| 100 |
1 |
|
|a Bella, Pavel,
|d 1962-
|4 aut
|9 251968
|
| 245 |
1 |
0 |
|a Národná prírodná pamiatka Jaskyňa mŕtvych netopierov
|
| 300 |
|
|
|a zv.
|b Foto 4
|c 24 cm
|
| 650 |
0 |
7 |
|a jaskyniarstvo
|2 lmsmopaj
|9 29600
|
| 651 |
|
7 |
|a Nízke Tatry (Slovensko : pohorie)
|2 lmsmopaj
|9 173011
|
| 655 |
|
7 |
|a články z novín a časopisov
|2 lmsmopaj
|9 267496
|
| 655 |
|
7 |
|a turistické časopisy
|2 lmsmopaj
|9 272437
|
| 710 |
2 |
0 |
|a Augustini, Peter (Bratislava, Slovensko)
|4 edt
|9 1093576
|
| 710 |
2 |
0 |
|a Kollár, Daniel (Bratislava, Slovensko)
|4 edt
|9 1093577
|
| 773 |
0 |
8 |
|t Krásy Slovenska
|d Bratislava : Dajama, 2006
|g Roc. 83, č. 11-12 (2006), s. 34-35
|x 0323-0643
|
| 852 |
|
|
|a LMSMOPAJ
|
| 999 |
|
|
|c 2608821
|d 2610751
|